00755nam a2200241 a 4500001001300000003000900013005001700022008004100039020002300080082001300103100001800116245006700134260003500201300000900236500003500245505003100280650002600311700001800337902000800355942000700363952012600370999001700496nice12345678IN_TiNIC20260116013825.0050524s1990 lona grp 000 0 eng  a0333948 c73500a133bWIL aWilliams, T C aIdea of the Miraculousb the Challenge to Science and Religion aLondonbMacmillan Press c1990 a269p aincludes index and biblioraphy2 aNotes, Bibliography, Index aParanormal-Psychology1 aWilliams, T C bSRS cBK 001040708StackRoom-aHMIbHMId2007-08-01g735.00l1o133 WILp016813r2016-06-02s2016-05-20v735.00w2005-05-24yBK c12680d12680